សម្លៀកបំពាក់ថ្មីរបស់ព្រះចៅអធិរាជ / (Record no. 8887)

MARC details
000 -LEADER
fixed length control field 02522nam a22002897a 4500
001 - CONTROL NUMBER
control field 8887
003 - CONTROL NUMBER IDENTIFIER
control field FISKH
005 - DATE AND TIME OF LATEST TRANSACTION
control field 20251030083819.0
008 - FIXED-LENGTH DATA ELEMENTS--GENERAL INFORMATION
fixed length control field 251030b cb ||||| |||| 00| 0 eng d
040 ## - CATALOGING SOURCE
Original cataloging agency FISKH
Language of cataloging khr
Transcribing agency FISKH
Modifying agency FISKH
050 ## - LIBRARY OF CONGRESS CALL NUMBER
Classification number PZ7
082 ## - DEWEY DECIMAL CLASSIFICATION NUMBER
Classification number 895
100 ## - MAIN ENTRY--PERSONAL NAME
Personal name Anonymous
245 ## - TITLE STATEMENT
Title សម្លៀកបំពាក់ថ្មីរបស់ព្រះចៅអធិរាជ /
Statement of responsibility, etc. By Anonymous
260 ## - PUBLICATION, DISTRIBUTION, ETC.
Place of publication, distribution, etc. Phnom Penh :
300 ## - PHYSICAL DESCRIPTION
Extent 16 pages :
Other physical details color illustrations ;
Dimensions 21 cm .
490 ## - SERIES STATEMENT
Series statement រឿងនិទានសម្រាប់កុមារ
505 ## - FORMATTED CONTENTS NOTE
Formatted contents note K <br/>
520 ## - SUMMARY, ETC.
Summary, etc. មានព្រះចៅអធិរាជមួយអង្គគ្រងរាជនៅនគរមួយ ។ ទ្រង់សព្វហរទ័យនឹងសម្លាក់បំពាក់ល្អៗដែលមានតម្លៃថ្លៃ ។ ថ្លៃមួយមានចោរបន្លំខ្លួនធ្វើជាជាងដេរ​ ពួកចោរក៏បានមាសជាច្រើនពីព្រះចៅអធិរាជតែអ្វីដែលទ្រង់ទទួលបាននោះគី អាវមួយ ខោមួយនិងផាហុំមួយ ។ តែទ្រង់សព្វហរទ័យណាស់ទ្រង់បានស្លៀកចេញក្រៅរាជវាំង រហូតបានជួបនឹងក្មេងម្នាក់និយាយថាទ្រង់ស្រាតននលគក​ ធ្វើអោយទ្រង់ខ្មាសហើយក៏ត្រលប់ចូលរាជវាំងវិញ ។​
520 ## - SUMMARY, ETC.
Summary, etc. There was once an emperor who ruled over a certain kingdom. He dearly loved wearing fine and expensive clothes. One day, some thieves disguised themselves as tailors. They received a great amount of gold from the emperor, but what he actually got from them was just a shirt, a pair of pants, and a scarf. The emperor was very pleased and proudly wore them outside the palace. However, he met a child who told him that he was completely naked. The emperor was embarrassed and hurried back into the palace.
521 8# - TARGET AUDIENCE NOTE
Target audience note 510 <br/>
Source Lexile estimate <br/>
521 8# - TARGET AUDIENCE NOTE
Target audience note K <br/>
Source Raz-Plus <br/>
650 ## - SUBJECT ADDED ENTRY--TOPICAL TERM
Topical term or geographic name entry element សម្លៀកបំពាក់ថ្មីរបស់ព្រះចៅអធិរាជ
Form subdivision រឿងនិទានកុមារ
650 ## - SUBJECT ADDED ENTRY--TOPICAL TERM
Topical term or geographic name entry element Emperor's new clothes
Form subdivision Children's Stories
942 ## - ADDED ENTRY ELEMENTS (KOHA)
Source of classification or shelving scheme Dewey Decimal Classification
Koha item type Khmer Books
Suppress in OPAC No
Holdings
Withdrawn status Lost status Source of classification or shelving scheme Damaged status Not for loan Collection Home library Current library Shelving location Date acquired Total Checkouts Full call number Barcode Date last seen Copy number Price effective from Koha item type
    Dewey Decimal Classification     Khmer-English Bilingual / ភាសាខ្មែរ-អង់គ្លេស Footprints International School Library Network Toul Tom Poung Campus Footprints International School Library Network Toul Tom Poung Campus TTP Primary Khmer Bookshelves 10/30/2025   ANO PZ7 895 FISBK072222 10/30/2025 1 10/30/2025 Khmer Books
    Dewey Decimal Classification     Khmer-English Bilingual / ភាសាខ្មែរ-អង់គ្លេស Footprints International School Library Network Toul Tom Poung Campus Footprints International School Library Network Toul Tom Poung Campus TTP Primary Khmer Bookshelves 11/10/2025   ANO PZ7 895 FISBK03804 11/10/2025 2 11/10/2025 Khmer Books
    Dewey Decimal Classification     Khmer-English Bilingual / ភាសាខ្មែរ-អង់គ្លេស Footprints International School Library Network Toul Tom Poung Campus Footprints International School Library Network Toul Tom Poung Campus TTP Primary Khmer Bookshelves 11/10/2025   ANO PZ7 895 FISTK04619 11/10/2025 3 11/10/2025 Khmer Books